Responses for Show #8661 - Monday, June 13, 2022

Eric Ahasic game 6.

Contestants

[<< previous game]

Lisa Hernson, a banking director from New York, New York

Mazin Omer, a student from Toledo, Ohio

Eric Ahasic, a meteorologist from Minneapolis, Minnesota (whose 5-day cash winnings total $133,801)

[next game >>]

Jeopardy! Round responses

HUNGARY
BOOK TITLE REFERENCES
KNIGHT AFTER KNIGHT
PRE HISTORIC
(Mayim: Responses start with "H-I", and then precede "historic" alphabetically.)
TEXTING, TEXTING
ONE, TWO
    $200 16
Romania

Mazin
    $200 13
the color purple

Mazin
    $200 21
Daniel Day-Lewis

Lisa
    $200 10
hibernate

Eric
    $200 12
driving

Mazin
    $200 24
Capital One

Eric
    $400 3
soccer

Mazin
    $400 4
a lightning thief

Mazin
    $400 17
(Mazin: Who is Mick Jagger?)

Michael Caine

MazinLisa
    $400 11
hieroglyphics

Lisa
    $400 8
Merry Christmas

Eric
    $400 26
a sloth

Eric
    $600 1
the Danube

Eric
    $1,000 5
(Mazin: What is... Murder on the Nile?)

Death on the Nile

Mazin
    $600 22
Patrick Stewart

Mazin
    $600 18
highwaymen

Eric
    $600 14
[Laughter around the reading of the clue and the correct response]

Autocorrect

Triple Stumper
    $600 27
(Mazin: What is two cents?)

a quarter

Mazin
Triple Stumper
    $800 2
wine

Lisa
    $800 6
(Lisa: What is The Prophet?)

The Kite Runner

MazinLisa
    $800 25
(Mayim: Yes, [*], was called Sir John Elton.)

(Sir) Elton John

Eric
    $800 19
hiatus

Lisa
    $800 15
Multimedia

Eric
    $800 28
a (Texas) two-step

Eric
    $1000 9
(Lisa: Who is Liszt?)

Bartók

EricLisa
    $1000 7
The Alchemist

Mazin
    $1000 30
Chaplin

Eric
    $1000 20
hirsute

Eric
    $1000 23
at the end of the day

Mazin
    $1000 29
(Eric: What is America's most wanted?)
(Lisa: What is Wanted dead or alive?)

Public Enemy Number One

EricLisa
Triple Stumper

Scores at the first commercial break (after clue 15):

Eric Mazin Lisa
$3,000 $2,000 -$600

Scores at the end of the Jeopardy! Round:

Eric Mazin Lisa
$6,800 $2,800 -$200

Double Jeopardy! Round responses

U.S. HISTORY
ASTRONOMY
BIBLICAL WOMEN
FINANCE BROS
ROCK DOCS
DECIPHER OUR TOP-SECRET CODE PART II
    $400 16
the Coast Guard

Eric
    $400 17
Mercury & Venus

Eric
    $400 24
(Mayim: Yes, less than a minute.)

Pharaoh

Eric
    $400 18
the Great Depression

Mazin
    $400 1
Woodstock

Mazin
    $400 26
no

Triple Stumper
    $800 7
Rhode Island

Mazin
    $800 9
(Mayim: It's a yellow-white [*].)

giant

Triple Stumper
    $800 25
Bathsheba

Eric
    $800 8
bankruptcy

Eric
    $800 2
Thor

Mazin
    $800 27
gold

Lisa
    $1200 4
Arizona & New Mexico

Mazin
    $1200 10
(Mazin: What is Uranus?)

Mars

EricMazin
    $5,000 15
Salome

Eric
    $1200 12
the Rockefellers

Eric
    $1200 3
(Mazin: What is the Descendents?)

The Offspring

EricMazin
    $1200 28
pilot

Eric
    $1600 5
(Earl) Warren

Mazin
    $6,000 11
the solar wind

Eric
    $1600 22
Rebecca

Mazin
    $1600 13
biotech

Triple Stumper
    $1600 19
The Velvet Underground

Lisa
    $1600 29
umber

Triple Stumper
    $2000 6
(Mother) Cabrini

Eric
    $2000 21
parallax

Mazin
    $2000 23
(Mazin: What is the Queen of Sheba?)

Jezebel

EricMazin
    $2000 14
(Eric: What is Allianz?)

Lazard

Eric
Triple Stumper
    $2000 20
(Lisa: What are the Blackhearts?)

The Runaways

EricLisa
    $2000 30
xylem

Mazin

Scores at the end of the Double Jeopardy! Round:

Eric Mazin Lisa
$29,400 $9,200 $200
(lock game)

[wagering suggestions for these scores]

Final Jeopardy! Round responses

TV LEGENDS
LisaWho Lucille Ball?
$200
MazinWho is Mary Tyler Moore?
$8,799
EricWho is Ginger Rogers?
$2,600
Lucille Ball

Final scores:

Eric Mazin Lisa
$26,800 $401 $400
6-day champion: $160,601 2nd place: $2,000 3rd place: $1,000

Game dynamics:

Coryat scores:

Eric Mazin Lisa
$21,200 $10,200 $200
26 R
(including 2 DDs),
2 W
18 R,
6 W
(including 1 DD)
7 R,
4 W

Combined Coryat: $31,600

[game clues] [game scores] [suggest correction]

Game tape date: 2022-04-20
The J! Archive is created by fans, for fans. Scraping, republication, monetization, and malicious use prohibited; this site may use cookies and collect identifying information. See terms. The Jeopardy! game show and all elements thereof, including but not limited to copyright and trademark thereto, are the property of Jeopardy Productions, Inc. and are protected under law. This website is not affiliated with, sponsored by, or operated by Jeopardy Productions, Inc. Join the discussion at JBoard.tv.